Guía para la aplicación de los autocontroles en establecimientos minoristas de alimentación : versión 3 / versión 3 /
Publicado:
Barcelona :
Diputació de Barcelona, Àrea d'Atenció a les Persones, Servei de Salut Pública ,
2016
Descripción Física:
48 pàgines ; 30 cm
Otros Autores:
Barberà Orús, Esther
Idioma:
Catalán , Español , Chinese
MARC
| LEADER | 00000nam a22000007a 4500 | ||
|---|---|---|---|
| 001 | 25553 | ||
| 008 | 220518b spa||||| |||| 00| 0 cat d | ||
| 017 | |a DL B 24164-2016 | ||
| 041 | |a spa |a chi | ||
| 080 | |a FU-69-37 | ||
| 245 | |a Guía para la aplicación de los autocontroles en establecimientos minoristas de alimentación : |b versión 3 / |c autores: Esther Barberà Orús [i 6 més] | ||
| 260 | |a Barcelona : |b Diputació de Barcelona, Àrea d'Atenció a les Persones, Servei de Salut Pública, |c noviembre de 2016 | ||
| 300 | |a 48 pàgines ; |c 30 cm | ||
| 546 | |a Text en castellà i xinès | ||
| 650 | 0 | |9 52971 |a Alimentació |x Control sanitari | |
| 655 | 0 | |9 52956 |a Manuals, vademècums, etc. | |
| 700 | |9 52972 |a Barberà Orús, Esther | ||
| 710 | |a Barcelona (Catalunya : Província). |b Servei de Salut Pública |9 52202 | ||
| 942 | |2 udc |c ARXIU |n 1 | ||
| 952 | |0 0 |1 0 |4 0 |6 FU6937 |7 1 |9 61771 |a Arxiu |b Arxiu |d 2022-05-18 |l 0 |o FU-69-37 |p 25553 |r 2022-05-18 00:00:00 |w 2022-05-18 |y ARXIU | ||
| 999 | |c 81626 |d 81626 | ||